书目信息 |
| 题名: |
微波技术基础
|
|
| 作者: | 闫润卿 , 李英惠 编 | |
| 分册: | ||
| 出版信息: | 北京 北京理工大学出版社 2004 |
|
| 页数: | 410页 | |
| 开本: | 26cm | |
| 丛书名: | ||
| 单 册: | ||
| 中图分类: | TN015 | |
| 科图分类: | ||
| 主题词: | 微波技术--wei bo ji shu--高等学校--教材 , 微波技术--wei bo ji shu | |
| 电子资源: | ||
| ISBN: | 7-81045-325-4 | |
| 000 | 01085nam0 2200325 450 | |
| 001 | 073000002328 | |
| 005 | 20091029092354.10 | |
| 009 | 002766574 | |
| 010 | @a7-81045-325-4@dCNY30.00 | |
| 035 | @a002766574 | |
| 100 | @a20040228d em y0chiy0110 ea | |
| 101 | 0 | @achi |
| 102 | @aCN@b110000 | |
| 105 | @ay z 000yy | |
| 200 | 1 | @a微波技术基础@Awei bo ji shu ji chu@f闫润卿,李英惠编@Fyan run qing,li ying hui bian |
| 205 | @a3版 | |
| 210 | @a北京@c北京理工大学出版社@d2004 | |
| 215 | @a410页@d26cm | |
| 300 | @a高等工科院校电子、信息类教材 | |
| 330 | @a本书以讲述工程微波技术的基本理论、基本概念和分析方法为主,尤其着重于基本概念的阐述。 | |
| 510 | 1 | @aBasis of Microwave Technology@zeng |
| 606 | 0 | @a微波技术@Awei bo ji shu@x高等学校@j教材 |
| 606 | 0 | @a微波技术@Awei bo ji shu |
| 690 | @aTN015@v4 | |
| 701 | 0 | @a闫润卿@Ayan run qing@Ayan run qing@4编 |
| 701 | 0 | @a李英惠@Ali ying hui@Ali ying hui@4编 |
| 801 | 2 | @aCN@bHX@c20091029 |
| 905 | @aBZT@dTN015@e3 | |
| 906 | @dCNY30.00@n0@r1 | |
| 999 | @tC@Axiuxia@a20040228 10:53:06@Ixiuxia@i20040228 10:53:21 | |
| 微波技术基础/闫润卿,李英惠编.-3版.-北京:北京理工大学出版社,2004 |
| 410页;26cm |
| 高等工科院校电子、信息类教材 |
| ISBN 7-81045-325-4:CNY30.00 |
| 本书以讲述工程微波技术的基本理论、基本概念和分析方法为主,尤其着重于基本概念的阐述。 |
| ● |
| 相关链接 |
|
|
|
正题名:微波技术基础
索取号:TN015/3
 
预约/预借
| 序号 | 登录号 | 条形码 | 馆藏地/架位号 | 状态 | 备注 |
| 1 | 425831 | 210533500 | 中心书库中库/ 中库029架A面7列3层51/ [索取号:TN015/3] | 在馆 | |
| 2 | 425832 | 210533494 | 中心书库中库/ 中库029架A面7列3层49/ [索取号:TN015/3] | 在馆 | |
| 3 | 425833 | 210533528 | 中心书库中库/ 中库029架A面7列3层50/ [索取号:TN015/3] | 在馆 | |
| 4 | 425834 | 210533519 | 中心书库中库/ 中库029架A面7列3层48/ [索取号:TN015/3] | 在馆 | |
| 5 | 425835 | 210533546 | 中心书库中库/ 中库029架A面7列3层47/ [索取号:TN015/3] | 在馆 | |
| 6 | 425836 | 210533537 | 中心书库中库/ 中库029架A面7列3层46/ [索取号:TN015/3] | 在馆 | |
| 7 | 425837 | 210533564 | 中心书库中库/ 中库029架A面7列2层3/ [索取号:TN015/3] | 在馆 | |
| 8 | 425838 | 210533555 | 中心书库中库/ 中库029架A面7列2层2/ [索取号:TN015/3] | 在馆 | |
| 9 | 425839 | 210533582 | 中心书库中库/ 中库029架A面7列3层26/ [索取号:TN015/3] | 在馆 | |
| 10 | 425840 | 210533573 | 中心书库中库/ 中库029架A面7列3层52/ [索取号:TN015/3] | 在馆 |